Online Catalogue and eLibrary

JVP Deshapalanaya gana (Record no. 2392)

MARC details
000 -LEADER
fixed length control field 00391nam a2200157Ia 4500
005 - DATE AND TIME OF LATEST TRANSACTION
control field 20250509040815.0
008 - FIXED-LENGTH DATA ELEMENTS--GENERAL INFORMATION
fixed length control field 240331s9999 xx 000 0 und d
082 ## - DDC Classification
Item Number - Author Mark DIS
Class No. 891
100 ## - MAIN ENTRY--PERSONAL NAME
Personal name Dissanayake, Wasantha
245 #0 - TITLE STATEMENT
Title JVP Deshapalanaya gana
250 ## - EDITION STATEMENT
Edition statement 2nd
260 ## - PUBLICATION, DISTRIBUTION, ETC.
Place of publication, distribution, etc. Maradana
Name of publisher, distributor, etc. Hely Graphics
Date of publication, distribution, etc. 1991
300 ## - PHYSICAL DESCRIPTION
Extent (e.g. Volumes, Pages etc.) 50 p .,
500 ## - GENERAL NOTE
General note An Inquiry About JVP politics
942 ## - Koha item type (Biblio)
Koha item type Books in Stacks (Lending)
Holdings
Lost status Damaged status Collection code Home library Current library Shelving location Date acquired Full call number Accession Number Item type
    Lending WERC Library WERC Library Social Science Cupboard 03/31/2024 322.42 DIS 1647 Books in Stacks (Lending)

© WERC Library